Statistiche per Ricostruisci la Carriera del Calciatore - Alexandre Pato

Clicka qui per fare il quiz!

Statistiche generali

  • Questo quiz è stato fatto 5 volte
  • Il punteggio medio è 4 su 10

Statistiche sulle risposte

HintRisposta% Corretto
2016Chelsea
75%
2006-2007 Internacional
75%
2007-2013 Milan
75%
2013-2014 Corinthians
50%
2021-2022 Orlando City
50%
2017-2019 Tianjin Tianhai
25%
2016-2017 Villarreal
25%
2014-2016San Paolo
0%
2019-2020 San Paolo
0%
2023 San Paolo
0%

Distribuzione punteggi

Percentile per numero di risposta

Percentuale di utenti per punteggio

I tuoi punteggi nel tempo

Non hai fatto questo quiz